| 000 | 00743nam a2200217Ia 4500 | ||
|---|---|---|---|
| 005 | 20241216010718.0 | ||
| 008 | 180423s9999||||xx |||||||||||||| ||und|| | ||
| 082 |
_a657.044 _bG53 |
||
| 100 | _aGIRALDO JARA, DEMETRIO | ||
| 245 | 0 |
_aCONTABILIDAD INTERMEDIA _bTEORIA Y PRACTICA |
|
| 250 | _a0 | ||
| 260 |
_aLIMA - PERĀ· _bFECAT _c1995 |
||
| 300 |
_a297 pag. _c21 cm |
||
| 341 | _h0 | ||
| 490 |
_v0 _a0 |
||
| 505 | _aLIBROS BANCOS/CAJA CHICA/REGISTRO DE VENTAS/REGISTRO DE COMPRAS/REGISTRO DE LETRAS POR COBRAR/REGISTRO POR LETRAS POR PAGAR/VALUACION DE EXISTENCIAS/PLANILLA DE SUELDOS/PLANILLA DE SALARIOS/ASIENTOS DE AJUSTES, DEPRECIAC | ||
| 541 |
_aC _d26-Jun-96 |
||
| 650 | _aCIENCIAS APLICADAS | ||
| 856 | _zDeposito | ||
| 942 | _cLIBRO | ||
| 999 |
_c21940 _d21940 |
||